01720nam a2200253 i 4500003000400000005001700004007000300021008004100024020001800065040002300083041000800106043001200114082001300126100003500139245003600174250002200210264004400232300004400276500096900320521005301289650004101342650004501383650003801428OSt20230626184938.0ta200421s2008 ck a gr 000 f spa d a9789583000508 bspaerdacCO-MqBPB0 aspa as-sp--- aANbVALp1 aValera, Juand1824-1905eautor10aPepita Jiménez/cJuan Valera. aTercera edición 1aBogotá, ColombiabPanamericana,c1996 a276 páginas;bTapa Rústica,c20 cm. aPepita Jiménez hace parte de la tradición clásica española, fusionada con el romanticismo del siglo XIX. El autor, habla de la influencia de los místicos españoles de los siglos XVI y XVII, que al margen de su iluminado pensamiento le permiten a la novela expresarse en un lenguaje castizo, de estilo galante, en su forma y fondo, convirtiéndola en una de las creaciones más puras de la cultura española. Las sutilezas del espíritu y el crudo sentido del humor de la picaresca se conjugan magistralmente en la novela. La fuente platónica del amor provoca intensas pasiones en don Pedro y su hijo don Luis, atraídos ferozmente por la musa Pepita Jiménez, mujer humilde y bella, venida a menos por la muerte de su esposo. Lo esencial de la trama es la lucha entre el deseo obsesivo de posesión de la mujer amada y transformar esa fuerza en un método de conocimiento para ascender a los ámbitos celestes de la perfección espiritual. aRecomendado para un público mayor a 15 años 17aNovela españolaySiglo XIX2ARMARC17aLiteratura españolaySiglo XIX2ARMARC17aNovela amorosaxSiglo XIX2ARMARC